Biblioteca "Ernesto Sabato"
Facultad de Derecho y Ciencias Sociales
Facultad de Lenguas
Universidad Nacional del Comahue

Jigsaw (Record no. 12573)

MARC details
000 -CABECERA
campo de control de longitud fija 00855cam a22002532a 4500
001 - NÚMERO DE CONTROL
campo de control 006758
003 - IDENTIFICADOR DEL NÚMERO DE CONTROL
campo de control AR-FADEU
008 - DATOS DE LONGITUD FIJA--INFORMACIÓN GENERAL
campo de control de longitud fija 311216n1979####xxu####################dd
020 ## - NÚMERO INTERNACIONAL ESTÁNDAR DEL LIBRO
Número Internacional Estándar del Libro 0-86158-200-4
092 ## - ASIGNACIÓN LOCAL DE SIGNATURA TOPOGRÁFICA DEWEY (OCLC)
Número de clasificación 428.04
Número de documento/Ítem A122j
100 ## - ENTRADA PRINCIPAL--NOMBRE DE PERSONA
Nombre de persona Abbs, Brian
245 ## - MENCIÓN DE TÍTULO
Título Jigsaw
260 ## - PUBLICACIÓN, DISTRIBUCIÓN, ETC. (PIE DE IMPRENTA)
Lugar de publicación, distribución, etc. London
260 ## - PUBLICACIÓN, DISTRIBUCIÓN, ETC. (PIE DE IMPRENTA)
Nombre del editor, distribuidor, etc. MGP
260 ## - PUBLICACIÓN, DISTRIBUCIÓN, ETC. (PIE DE IMPRENTA)
Fecha de publicación, distribución, etc. 1979
300 ## - DESCRIPCIÓN FÍSICA
Extensión 11 v
500 ## - NOTA GENERAL
Nota general Contens: Jigsaw one reader 1;Jigsaw one reader 2;Jigsaw one reader 3;Jigsaw one reader 4;Jigsaw one reader 5;Jigsaw one activity book 2;Jigsaw one activity book 3; Jigsaw one teacher's guide units 1-4;Jigsaw one teacher's guide ;Jigsaw songbook; Jigsaw posters;Jigsaw flashcards
521 ## - NOTA DE PÚBLICO DESTINATARIO
Nota de público destinatario beginners
521 ## - NOTA DE PÚBLICO DESTINATARIO
Nota de público destinatario children
546 ## - NOTA DE LENGUA/LENGUAJE
Nota de lengua/lenguaje inglés
650 ## - PUNTO DE ACCESO ADICIONAL DE MATERIA--TÉRMINO DE MATERIA
Término de materia o nombre geográfico como elemento inicial /LINGUISTICA/INGLES-ESTUDIO Y ENSEÑANZA; LIBROS DE TEXTO/REVISADO/
700 ## - PUNTO DE ACCESO ADICIONAL--NOMBRE DE PERSONA
Nombre de persona Anne, Worrall
942 ## - ELEMENTOS DE PUNTO DE ACCESO ADICIONAL (KOHA)
Tipo de ítem Koha BDGR
Holdings
Estado de retiro Estado de pérdida Fuente del sistema de clasificación o colocación Estado dañado No para préstamo Localización permanente Ubicación/localización actual Fecha de adquisición Número de inventario Total de préstamos Signatura topográfica completa Código de barras Fecha visto por última vez Precio válido a partir de Tipo de ítem Koha Nota pública
    Dewey Decimal Classification     Biblioteca Ernesto Sabato - FADECS - UNCOMA Biblioteca Ernesto Sabato - FADECS - UNCOMA 21/02/2017 03179   428.04 A122j 03179 21/02/2017 21/02/2017 BDGR COLECCION READER'S
          Biblioteca Ernesto Sabato - FADECS - UNCOMA Biblioteca Ernesto Sabato - FADECS - UNCOMA 21/02/2017 03180   428.04 A122j 03180 21/02/2017 21/02/2017 BDGR  
          Biblioteca Ernesto Sabato - FADECS - UNCOMA Biblioteca Ernesto Sabato - FADECS - UNCOMA 21/02/2017 03181   428.04 A122j 03181 21/02/2017 21/02/2017 BDGR  
          Biblioteca Ernesto Sabato - FADECS - UNCOMA Biblioteca Ernesto Sabato - FADECS - UNCOMA 21/02/2017 03182   428.04 A122j 03182 21/02/2017 21/02/2017 BDGR  
          Biblioteca Ernesto Sabato - FADECS - UNCOMA Biblioteca Ernesto Sabato - FADECS - UNCOMA 21/02/2017 03184   428.04 A122j 03184 21/02/2017 21/02/2017 BDGR  
          Biblioteca Ernesto Sabato - FADECS - UNCOMA Biblioteca Ernesto Sabato - FADECS - UNCOMA 21/02/2017 03186   428.04 A122j 03186 21/02/2017 21/02/2017 BDGR  
Facultad de Derecho y Ciencias Sociales | Universidad Nacional del Comahue | Mendoza y Perú General Roca | Río Negro CP (8332) | Patagonia Argentina | Teléfono: 54-0298-4433670 | | Fax: 0298-4432093 | Fax alumnos: 0298-4435700